| 000 | 01018nam a22003617a 4500 | ||
|---|---|---|---|
| 001 | BR0703226 | ||
| 003 | BR-BrBNA | ||
| 005 | 20230928102457.0 | ||
| 007 | ta | ||
| 008 | 230509b bl.||||| |||| 00| 0 por d | ||
| 040 |
_aBR-BrBNA _bpor _cBiblioteca Nacional de Agricultura |
||
| 041 | _a(Por) | ||
| 072 |
_aQ54; Q52 _b1540 |
||
| 090 | _ 1540 BR0703226 | ||
| 100 | 1 | _aMatias, E.C. | |
| 100 | 1 | _aSoares, K.T. | |
| 100 | 1 | _aMelo, A.S. de | |
| 110 | 1 | _aEmpresa Estadual de Pesquisa Agropecuária da Paraíba S.A., João Pessoa (Brasil) | |
| 245 | 1 | _aMandioca; forma racional de uso na alimentação animal | |
| 260 | 3 |
_aJoão Pessoa, PB (Brasil): _c2004. |
|
| 300 | _a8 p. | ||
| 650 | _aMANDIOCA | ||
| 650 | _aPARTE ÁEREA | ||
| 650 | _aRAÍZ | ||
| 650 | _aALIMENTO PARA ANIMAL | ||
| 650 | _aSILAGEM | ||
| 650 | _aCOMPOSIÇÃO DE ALIMENTO | ||
| 650 | _aNUTRIÇÃO ANIMAL | ||
| 650 | _aEFICIÊNCIA NUTRICIONAL | ||
| 650 | _aFORMULAÇÃO | ||
| 909 |
_a202309 _bLucia _c55 _dLucia Elande |
||
| 942 | _cBK | ||
| 999 |
_c70965 _d70965 |
||